Crime scene investigators / (Record no. 5471)

MARC details
000 -LEADER
fixed length control field 01356nam a22002897a 4500
001 - CONTROL NUMBER
control field 5471
003 - CONTROL NUMBER IDENTIFIER
control field FISKH
005 - DATE AND TIME OF LATEST TRANSACTION
control field 20241210104538.0
008 - FIXED-LENGTH DATA ELEMENTS--GENERAL INFORMATION
fixed length control field 241210b cb ||||| |||| 00| 0 eng d
020 ## - INTERNATIONAL STANDARD BOOK NUMBER
International Standard Book Number 9780439934060
040 ## - CATALOGING SOURCE
Original cataloging agency FISKH
Language of cataloging eng
Transcribing agency FISKH
Modifying agency FISKH
050 ## - LIBRARY OF CONGRESS CALL NUMBER
Classification number HV8073.Z85
082 ## - DEWEY DECIMAL CLASSIFICATION NUMBER
Classification number 363.25
100 ## - MAIN ENTRY--PERSONAL NAME
Personal name Zullo, Alan
245 ## - TITLE STATEMENT
Title Crime scene investigators /
Statement of responsibility, etc. by Allan Zullo
250 ## - EDITION STATEMENT
Edition statement First Scholastic printing , January 2008
260 ## - PUBLICATION, DISTRIBUTION, ETC.
Place of publication, distribution, etc. New York :
Name of publisher, distributor, etc. Scholastic ;
Date of publication, distribution, etc. 2008.
300 ## - PHYSICAL DESCRIPTION
Extent 149 pages :
Other physical details illustrations ;
Dimensions 20 cm .
490 ## - SERIES STATEMENT
Series statement Ten true tales
505 ## - FORMATTED CONTENTS NOTE
Formatted contents note Z <br/>
520 ## - SUMMARY, ETC.
Summary, etc. "Ten true stories of real-life crime scene investigators!" -- provided by publisher. "A gold ring has been discovered at a murder scene, but police have little else to go on. Can State Patrol Investigator Richard Havel use that clue to track down the killers? A bomber is terrorizing a western community. What forensic clues can Investigator Jack Charles gather to stop and solve the bombings? Enter the secret world of crime scene investigators who use the latest forensic techniques to solve mysteries and bring criminals to justice. You will never forget these incredible true stories" --
521 8# - TARGET AUDIENCE NOTE
Target audience note 940 <br/>
Source Lexile <br/>
521 8# - TARGET AUDIENCE NOTE
Target audience note Z <br/>
Source Raz-Plus <br/>
650 ## - SUBJECT ADDED ENTRY--TOPICAL TERM
Topical term or geographic name entry element crime
Form subdivision Non-fiction
942 ## - ADDED ENTRY ELEMENTS (KOHA)
Source of classification or shelving scheme Dewey Decimal Classification
Koha item type Books
Suppress in OPAC No
Holdings
Withdrawn status Lost status Source of classification or shelving scheme Damaged status Not for loan Collection Home library Current library Shelving location Date acquired Total Checkouts Full call number Barcode Date last seen Price effective from Koha item type
    Dewey Decimal Classification     Non-Fiction Footprints International School Library Network Toul Kork Campus Footprints International School Library Network Toul Kork Campus TTP Secondary Non-Fiction Bookshelves 12/10/2024   ZUL 363.25 HV8073.Z85 FISSE00383 12/10/2024 12/10/2024 Books